000 00553nam a2200193 a 4500
005 20140310183146.0
008 020823s19uu xx 00 eng d
020 _a0764531832
050 _aT 385
_b.M5445 1998
100 _aMiller, Deborah
245 _aCorel draw 8 :
_bBible /
_cDeborah Miller.
260 _aFoster City, CA :
_bIDG Books Worldwide, Inc.,
_c1998.
300 _axxxii, 954 p. :
_bill. (some col.) ;
_c24 cm.
521 _aIT
546 _aC0634
650 _aCorel draw
650 _aComputer graphics
942 _cBK
_2lcc
_kFOR
999 _c19545
_d19545